000 00514nam a2200169 a 4500
005 20260322212016.0
008 data
010 _a75-320699
096 _aWX 150 L858p 1975
100 1 _aLongest, Beaufort B.
245 1 0 _aPrinciples of hospital business office management
_cBeaufort B. Longest.
260 _aChicago
_bHospital Financial Management Association
_c 1975
300 _a249 p. :
_b ill. ;
_c 24 cm.
500 _aIncludes bibliographical references and index.
650 0 2 _aHospitals
_xhistory
001 data
999 _c356
_d356